| 000 | 00786cam a22002054a 4500 | ||
|---|---|---|---|
| 005 | 20250605164216.0 | ||
| 008 | 250528s ||||||||||||||||||||||||d | ||
| 035 | _a20483 | ||
| 020 | _a415906466 | ||
| 040 |
_aGR-AtMCL _bgre _dGR-AtMCL _eAACR2 |
||
| 245 | 1 | _aFeminist Theory and the Classics | |
| 260 |
_bRouledge, _c1993 |
||
| 300 | _a318 | ||
| 520 | _aThe first comprehensive exploration of recent developments in the field incorporating work on material culture with work on literature and theory. Acknowledgements, Introduction, Redefining the Field, Male Writing Female, Gynocentric, Epistemology and Material Culture, Index, Contributors. | ||
| 700 | 1 |
_aRichlin Amy _96465 |
|
| 700 | 1 |
_aSorkin Rabinowitz Nancy _96466 |
|
| 942 | _cBK | ||
| 999 |
_c5587 _d5587 |
||